| 000 | 00820nas a2200229 i 4500 | ||
|---|---|---|---|
| 001 | 856 | ||
| 003 | ES-MaACL | ||
| 005 | 20251013213012.0 | ||
| 008 | 950801c1953 fr | | 1 ||re d | ||
| 022 | _a0014-5270 | ||
| 080 | _a(051) | ||
| 245 | 0 | 2 |
_aL'Express / _c[dir. J.J. Servan Schreiber]. |
| 260 |
_aParis : _bL'Express, _c1953- |
||
| 300 |
_a152 v. : _bgrab. ; _c43 cm. |
||
| 310 | _aSemanal | ||
| 362 | 0 | _aN° 1 (16 mayo 1953)- | |
| 650 | 1 | 4 |
_aRevistas de información general. _916896 |
| 700 | 1 |
_aServan-Schreiber, Jean-Jacques, _d1924-2006 _9105855 |
|
| 852 |
_aES-MaACL _jHEM-H-161 _xhem-1201 _d |
||
| 866 | 0 | _o1964-68(1969f.n.961)(1970)1971-72(1973)(1974f.n.1215-1216)(1975)(1976f.n.1306)1977-80(1981f.n.1562-1564)(1982f.n.1604)(1983f.n.1668)1984-89(1990f.n.2018)(1991)-(2013). | |
| 999 |
_c856 _d856 |
||